Statistics for The 2005 Quiz

Click here to take the quiz!

General Stats

  • This quiz has been taken 228 times
  • The average score is 9 of 14

Answer Stats

Hint Answer % Correct
The first video is uploaded to this video-sharing website.YouTube
91%
This hurricane, one of the deadliest in US history, hits the Gulf Coast killing over 1800.Katrina
89%
Terrorists target this European city by bombing three trains and a bus.London
88%
This pop-star is found not guilty of child molestation.Michael Jackson
83%
This influential woman, who refused to give up her bus seat to a white man, dies at age 92.Rosa Parks
83%
He wins a third term as Prime Minister of the UK.Tony Blair
82%
Upon this pope's death, Benedict XVI is chosen for the papacy.Pope John Paul II
68%
This prince marries Camilla Parker Bowles.Charles, Prince of Wales
68%
Her song "Hollaback Girl" is the most downloaded song of the year with 1.7 million downloads.Gwen Stefani
61%
He wins Best Actor at the Oscars for his role as Ray Charles in the 2004 film Ray.Jamie Foxx
55%
Developed by Microsoft, this video game console is released.Xbox 360
46%
This movie, directed by George Lucas, tops the box office, making over $380 million.Star Wars Episode III: Revenge of the Sith
32%
This American television host, comedian, and musician dies at the age of 79.Johnny Carson
17%
This UK Prime Minister from 1970 to 1974 dies at the age of 89.Edward Heath
15%

Score Distribution

Percentile by Number Answered

Percent of People with Each Score

Your Score History

You have not taken this quiz